Statistics for Pokemon Characters #1

Click here to take the quiz!

General Stats

  • This quiz has been taken 192 times
    (176 since last reset)
  • The average score is 15 of 22

Answer Stats

HintAnswer% Correct
1Main Character and has been 10 since start of the seriesAsh Ketchum
99%
3Traveling companion of main character from Cerulean CityMisty
96%
2Pokemon Breeder/ Pokemon DoctorBrock
95%
9Team Rocket memeber with blue hair and from rich familyJames
94%
7Professor of Pallet TownProfessor Oak
94%
8Team Rocket member with long red hairJessie
91%
10Talking pokemon of Team RocketMeowth
91%
12Nurse of the Pokemon CentersJoy
90%
4Traveling companion of main character that chooses a torchic as starterMay
90%
6Traveling Companion of main character that chooses Piplup as starterDawn
88%
11Leader of Team RocketGiovanni
85%
17Gym leader who used psychic powers to turn people into dollsSabrina
79%
16Gym Leader of Vermillion that owns a RaichuLt. Surge
72%
14The main rival of the main character during the sinnoh regionPaul
68%
15Gym leader that built a battlefield in a volcanoBlaine
64%
5Traveling companion of main character that sketches pictures of pokemonTracey
59%
20Champion of the Unova RegionAlder
53%
19Gym leader that battled using air battlesSkyla
46%
22Trainer that uses a DarkraiTobias
36%
21Leader/Champion of the Orange crewDrake
26%
13His most powerful pokemon was his sandshrewAJ
15%
18Current Gym leader of Pewter CityForrest
13%

Score Distribution

Percentile by Number Answered

Percent of People with Each Score

Your Score History

You have not taken this quiz since the last reset